Random Ord i Namnen på Länder - Svenska - Statistics

General Stats
  • This quiz has been taken 357 times
    349 since last reset
  • The average score is 6 of 16
Answer Stats
Ordet Landet % Correct
Inland Finland
81%
Oliv Bolivia
75%
Mark Danmark
66%
Burk Burkina Faso
55%
Utan Bhutan
53%
Rund Burundi
49%
Anda Rwanda
45%
Swan Botswana
44%
Gren Saint Vincent och Grenadinerna
38%
Bar Antigua och Barbuda , Barbados
36%
Skar Madagaskar
23%
Ord Nordkorea, Jordanien
23%
Apa Japan
22%
Inga Singapore
17%
Anis Afghanistan
9%
Glad Bangladesh
6%
No matching quizzes found
Score Distribution
Percent of People with Each Score
Percentile by Number Answered
Your Score History
You have not taken this quiz since the last reset